000 01084nam a22002177a 4500
003 OSt
005 20260415120248.0
008 260415b |||||||| |||| 00| 0 eng d
020 _a9780357047996
082 _29780357047996
_a9780357047996
_b9780357047996
100 _aHUGHES JOHN
245 _aAMERICAN LIFE 5
250 _a2
260 _aE.E U.U
_bNational Geographic Learning
_c2018
300 _b0,488 G
_eMATERIAL FISICO
490 _3Tapa rustica
520 _aAhora en una nueva edición, National Geographic Learning trae el mundo a tu clase con Life, una serie de habilidades integradas de seis niveles con gramática y vocabulario para estudiantes de inglés jóvenes y adultos. A través de contenido impresionante de National Geographic, videos y temas atractivos, Life inspira a una generación de tomadores de decisiones informados. Con Life, los estudiantes desarrollan su capacidad de pensar críticamente y comunicarse de manera efectiva en la comunidad global.
700 _aPAUL DUMMETT
_dHELEN STEPHENSON
856 _3TAPA RUSTICA
942 _2ddc
_cBKA
_n0
999 _c2075
_d2075